[Event "Madrid-chT 2324"]
[Site "Madrid"]
[Date "2024.02.18"]
[Round "10.3"]
[White "Jimenez Lopez, Antonio"]
[Black "Suarez Uriel, Adrian"]
[Result "0-1"]
[WhiteElo "2187"]
[BlackElo "2404"]
[PlyCount "80"]
[EventDate "2023.11.19"]
[EventType "team-tourn"]
[EventRounds "14"]
[EventCountry "ESP"]
[SourceTitle "AjedrezenMadrid"]
[Source "lmi"]
[SourceDate "2023.11.19"]
[SourceVersion "1"]
[SourceVersionDate "2024.03.19"]
[SourceQuality "1"]
[WhiteTeam "San Fernando de Henares"]
[BlackTeam "Collado Villalba"]
[WhiteTeamCountry "ESP"]
[BlackTeamCountry "ESP"]

1. e4 c5 2. Nf3 Nc6 3. d4 cxd4 4. Nxd4 g6 5. Nc3 Bg7 6. Be3 Nf6 7. Bc4 O-O 8.
Bb3 Re8 9. h4 e6 10. Qd2 d5 11. exd5 Nxd4 12. Bxd4 exd5+ 13. Kf1 Ne4 14. Nxe4
dxe4 15. Rd1 Bxd4 16. Qxd4 Bg4 17. Rd2 Qa5 18. Qf6 Be6 19. Ke2 e3 20. Rd3 Bxb3
21. axb3 exf2+ 22. Kxf2 Qc5+ 23. Kg3 Qxc2 24. Rhd1 Qc7+ 25. Kh3 Qe5 26. Qf3 Re7
27. Rd7 Qe6+ 28. Qg4 Qxb3+ 29. R1d3 Re3+ 30. Rxe3 Qxe3+ 31. Kh2 Qe5+ 32. Kh3 h5
33. Qd1 Qf5+ 34. Kh2 Qf4+ 35. g3 Qf2+ 36. Kh3 Re8 37. Rd8 Rxd8 38. Qxd8+ Kg7
39. b4 Qf1+ 40. Kh2 Qe2+ 0-1

[Event "Madrid-chT 2324"]
[Site "Madrid"]
[Date "2024.02.18"]
[Round "10.4"]
[White "Martinez Conde Hernandez, Carlos"]
[Black "Garrido Olivares, Ricard"]
[Result "1/2-1/2"]
[WhiteElo "2241"]
[BlackElo "2136"]
[PlyCount "167"]
[EventDate "2023.11.19"]
[EventType "team-tourn"]
[EventRounds "14"]
[EventCountry "ESP"]
[SourceTitle "AjedrezenMadrid"]
[Source "lmi"]
[SourceDate "2023.11.19"]
[SourceVersion "1"]
[SourceVersionDate "2024.03.19"]
[SourceQuality "1"]
[WhiteTeam "Collado Villalba"]
[BlackTeam "San Fernando de Henares"]
[WhiteTeamCountry "ESP"]
[BlackTeamCountry "ESP"]

1. d4 d5 2. c4 dxc4 3. Nf3 Nf6 4. e3 e6 5. Bxc4 c5 6. O-O a6 7. dxc5 Bxc5 8.
Qxd8+ Kxd8 9. a3 Ke7 10. b4 Bd6 11. Bb2 b5 12. Be2 Bb7 13. Nbd2 Nbd7 14. Nb3
Rac8 15. Rac1 Rxc1 16. Rxc1 Rc8 17. Rxc8 Bxc8 18. Na5 Kf8 19. Nd4 Nd5 20. g3
Ne7 21. e4 e5 22. Ndb3 f6 23. Bc1 Ke8 24. Be3 Kd8 25. h4 Kc7 26. h5 h6 27. Bg4
Nf8 28. Bxc8 Nxc8 29. Kg2 Ne6 30. Kh3 Ne7 31. Kg4 Kc8 32. Nd2 Nd8 33. Nf3 Kd7
34. Nh4 Ke6 35. Nb3 Nb7 36. Nf3 f5+ 37. exf5+ Nxf5 38. Bc1 Ne7 39. Nh4 Nd5 40.
Kh3 Ne7 41. Bb2 Nc6 42. g4 Ne7 43. Kg2 Nd5 44. Nf5 Bf8 45. Kf3 Nf6 46. Ne3 Bd6
47. Ke2 Bc7 48. Bc3 Bb6 49. f3 Bxe3 50. Kxe3 Nd5+ 51. Kd2 Nxc3 52. Kxc3 Kd5 53.
Kd3 Nd6 54. Nc5 a5 55. Na6 axb4 56. axb4 e4+ 57. fxe4+ Nxe4 58. Nc7+ Ke5 59.
Ke3 Nd6 60. Kf3 Kf6 61. Kf4 g6 62. Nd5+ Kf7 63. Ke5 Nc4+ 64. Kd4 gxh5 65. gxh5
Ke6 66. Nc7+ Kf6 67. Nxb5 Ne5 68. Na7 Ke6 69. b5 Nd7 70. Nc8 Nf6 71. Kc5 Nxh5
72. Kc6 Nf6 73. b6 Nd7 74. b7 h5 75. Nd6 Nb8+ 76. Kc7 Na6+ 77. Kb6 Nb8 78. Ne4
h4 79. Kc7 Na6+ 80. Kb6 Nb8 81. Ka7 Nc6+ 82. Kb6 Nb8 83. Nc5+ Kd6 84. Ne4+
1/2-1/2

[Event "Madrid-chT 2324"]
[Site "Madrid"]
[Date "2024.02.18"]
[Round "10.5"]
[White "Sempere Domenech, Abel"]
[Black "Ruiz Buendia, Miguel"]
[Result "1/2-1/2"]
[WhiteElo "2003"]
[BlackElo "2344"]
[PlyCount "81"]
[EventDate "2023.11.19"]
[EventType "team-tourn"]
[EventRounds "14"]
[EventCountry "ESP"]
[SourceTitle "AjedrezenMadrid"]
[Source "lmi"]
[SourceDate "2023.11.19"]
[SourceVersion "1"]
[SourceVersionDate "2024.03.19"]
[SourceQuality "1"]
[WhiteTeam "San Fernando de Henares"]
[BlackTeam "Collado Villalba"]
[WhiteTeamCountry "ESP"]
[BlackTeamCountry "ESP"]

1. d4 d5 2. c4 c6 3. Nf3 Nf6 4. e3 Bf5 5. Nc3 e6 6. Nh4 Be4 7. f3 Bg6 8. Qb3
Qc7 9. Bd2 Be7 10. Nxg6 hxg6 11. O-O-O dxc4 12. Bxc4 b5 13. Bd3 a5 14. Qc2 Na6
15. Ne4 Nd5 16. a3 b4 17. Bxa6 Rxa6 18. a4 c5 19. dxc5 f5 20. Nd6+ Bxd6 21.
cxd6 Qxc2+ 22. Kxc2 Rxd6 23. e4 Nf6 24. exf5 gxf5 25. h4 Kf7 26. Bg5 Nd5 27.
Kb3 Rc8 28. Rc1 Rxc1 29. Rxc1 Nb6 30. Rc5 Rd3+ 31. Kc2 Rd5 32. Rxd5 exd5 33. b3
Ke8 34. h5 Nd7 35. Be3 Nb8 36. Kd3 Nc6 37. Bd4 Kf7 38. Bb2 g6 39. h6 Kg8 40. g4
Kh7 41. g5 1/2-1/2

[Event "Madrid-chT 2324"]
[Site "Madrid"]
[Date "2024.02.18"]
[Round "10.6"]
[White "Centeno Mendoza, Julio Stefano"]
[Black "Rodriguez Lopez, Ruben"]
[Result "1-0"]
[WhiteElo "2070"]
[BlackElo "1900"]
[PlyCount "91"]
[EventDate "2023.11.19"]
[EventType "team-tourn"]
[EventRounds "14"]
[EventCountry "ESP"]
[SourceTitle "AjedrezenMadrid"]
[Source "lmi"]
[SourceDate "2023.11.19"]
[SourceVersion "1"]
[SourceVersionDate "2024.03.19"]
[SourceQuality "1"]
[WhiteTeam "Collado Villalba"]
[BlackTeam "San Fernando de Henares"]
[WhiteTeamCountry "ESP"]
[BlackTeamCountry "ESP"]

1. e4 e5 2. Nf3 Nc6 3. Bc4 Nf6 4. d3 h6 5. c3 d6 6. Nbd2 Be7 7. O-O g5 8. a4 a5
9. Qb3 O-O 10. Re1 Nd7 11. Nf1 Nc5 12. Qc2 Ne6 13. Bxe6 Bxe6 14. Ng3 d5 15. h3
Qd7 16. Be3 Rad8 17. d4 dxe4 18. Nxe5 Nxe5 19. dxe5 Qd3 20. Rac1 Qxc2 21. Rxc2
Bb3 22. Rcc1 Rd5 23. Nf5 Rxe5 24. Nxe7+ Rxe7 25. Bc5 Rfe8 26. Bxe7 Rxe7 27. g4
Bxa4 28. Ra1 b5 29. Ra3 Bc2 30. Rxa5 Bd3 31. Ra8+ Kg7 32. Rd8 Bc2 33. Rd2 Bb3
34. Rd4 c6 35. Rexe4 Ra7 36. Re1 Ra2 37. Rd2 h5 38. gxh5 Bd5 39. Kh2 Kh6 40.
Kg3 Kxh5 41. f4 gxf4+ 42. Kxf4 Be6 43. Rg1 Kh6 44. Ke5 Bd5 45. Rd4 Kh5 46. Kf6
1-0

[Event "Madrid-chT 2324"]
[Site "Madrid"]
[Date "2024.02.24"]
[Round "11.1"]
[White "Alonso Garcia, Aaron"]
[Black "Reyes Larena, Juan"]
[Result "1-0"]
[WhiteElo "2453"]
[BlackElo "2436"]
[PlyCount "77"]
[EventDate "2023.11.19"]
[EventType "team-tourn"]
[EventRounds "14"]
[EventCountry "ESP"]
[SourceTitle "AjedrezenMadrid"]
[Source "lmi"]
[SourceDate "2023.11.19"]
[SourceVersion "1"]
[SourceVersionDate "2024.03.19"]
[SourceQuality "1"]
[WhiteTeam "Villalba 64"]
[BlackTeam "San Sebastian de los Reyes"]
[WhiteTeamCountry "ESP"]
[BlackTeamCountry "ESP"]

1. e4 e5 2. Nf3 Nc6 3. Bb5 a6 4. Ba4 Nf6 5. O-O Be7 6. Re1 b5 7. Bb3 d6 8. c3
O-O 9. h3 Na5 10. Bc2 d5 11. d4 Nxe4 12. Nxe5 Bf5 13. Nd2 f6 14. Ng4 Bg6 15.
Nxe4 Bxe4 16. Bxe4 dxe4 17. Ne3 f5 18. b4 Nb7 19. Qb3+ Kh8 20. Nd5 Bd6 21. Nf4
Bxf4 22. Bxf4 c6 23. a4 Qd5 24. Qxd5 cxd5 25. Ra3 Rac8 26. axb5 axb5 27. Ra7
Nd8 28. Rea1 Kg8 29. Rd7 Ne6 30. Raa7 Rfd8 31. Rxd8+ Rxd8 32. Be5 Rc8 33. Rd7
Rxc3 34. Rxd5 Rc1+ 35. Kh2 f4 36. Rd6 e3 37. fxe3 fxe3 38. Rxe6 Kf7 39. d5 1-0

[Event "Madrid-chT 2324"]
[Site "Madrid"]
[Date "2024.02.24"]
[Round "11.2"]
[White "Rottenwohrer Suarez, Juan"]
[Black "Garrido Dominguez, Jesus"]
[Result "0-1"]
[WhiteElo "2266"]
[BlackElo "2406"]
[PlyCount "90"]
[EventDate "2023.11.19"]
[EventType "team-tourn"]
[EventRounds "14"]
[EventCountry "ESP"]
[SourceTitle "AjedrezenMadrid"]
[Source "lmi"]
[SourceDate "2023.11.19"]
[SourceVersion "1"]
[SourceVersionDate "2024.03.19"]
[SourceQuality "1"]
[WhiteTeam "San Sebastian de los Reyes"]
[BlackTeam "Villalba 64"]
[WhiteTeamCountry "ESP"]
[BlackTeamCountry "ESP"]

1. d4 d6 2. Nf3 f5 3. Bg5 g6 4. Nc3 Bg7 5. e4 fxe4 6. Nxe4 Nf6 7. Ng3 d5 8. Bd3
c5 9. dxc5 Nbd7 10. b4 a5 11. Nd4 Ne5 12. Bb5+ Kf8 13. c3 Nf7 14. h4 e5 15. Nb3
axb4 16. cxb4 h5 17. Qc2 e4 18. Rd1 Nxg5 19. hxg5 Ng4 20. Qxe4 Bc3+ 21. Kf1
Qxg5 22. Rxd5 Qf6 23. Qf3 Rxa2 24. Ne4 Qxf3 25. gxf3 Rxf2+ 26. Nxf2 Ne3+ 27.
Ke2 Nxd5 28. Kd3 Bg7 29. Ne4 Nxb4+ 30. Ke2 Be6 31. Na5 Bd5 32. Rb1 Na2 33. Kf1
Nc3 34. Rb4 h4 35. Bc4 h3 36. Bxd5 h2 37. Ng3 Nxd5 38. Rxb7 Rh3 39. Nh1 Rxf3+
40. Kg2 Ra3 41. Nc4 Ra2+ 42. Kf3 Rc2 43. Nb6 Nxb6 44. cxb6 Rc1 45. Nf2 Rf1 0-1

[Event "Madrid-chT 2324"]
[Site "Madrid"]
[Date "2024.02.24"]
[Round "11.3"]
[White "Garcia Luengo, Leandro"]
[Black "Alfaya Marcelo, Roberto"]
[Result "1/2-1/2"]
[WhiteElo "2282"]
[BlackElo "2315"]
[PlyCount "76"]
[EventDate "2023.11.19"]
[EventType "team-tourn"]
[EventRounds "14"]
[EventCountry "ESP"]
[SourceTitle "AjedrezenMadrid"]
[Source "lmi"]
[SourceDate "2023.11.19"]
[SourceVersion "1"]
[SourceVersionDate "2024.03.19"]
[SourceQuality "1"]
[WhiteTeam "Villalba 64"]
[BlackTeam "San Sebastian de los Reyes"]
[WhiteTeamCountry "ESP"]
[BlackTeamCountry "ESP"]

1. e4 c5 2. Nc3 e6 3. f4 Nc6 4. Nf3 a6 5. d3 b5 6. g3 Bb7 7. Bg2 Rc8 8. O-O Be7
9. Ne5 d6 10. Nxc6 Bxc6 11. f5 e5 12. Qg4 h5 13. Qe2 Bg5 14. Bxg5 Qxg5 15. a4
b4 16. Nd1 h4 17. Qe3 Qxe3+ 18. Nxe3 hxg3 19. hxg3 Nf6 20. Kf2 Ke7 21. b3 Nh7
22. Rh1 Ng5 23. Rxh8 Rxh8 24. Rh1 Rxh1 25. Bxh1 f6 26. Bf3 Be8 27. Bg4 Bf7 28.
Bf3 Kd7 29. g4 Kc6 30. Kg3 Kd7 31. Bd1 Kc6 32. Bf3 Bg8 33. Bg2 Bf7 34. Kh4 Kd7
35. Kg3 Ke7 36. Nf1 a5 37. Kh4 Kf8 38. Nd2 Ke7 1/2-1/2

[Event "Madrid-chT 2324"]
[Site "Madrid"]
[Date "2024.02.24"]
[Round "11.4"]
[White "Martinez Fernandez, Raul"]
[Black "Amador Garcia, Ismael"]
[Result "1-0"]
[WhiteElo "2183"]
[BlackElo "2244"]
[PlyCount "93"]
[EventDate "2023.11.19"]
[EventType "team-tourn"]
[EventRounds "14"]
[EventCountry "ESP"]
[SourceTitle "AjedrezenMadrid"]
[Source "lmi"]
[SourceDate "2023.11.19"]
[SourceVersion "1"]
[SourceVersionDate "2024.03.19"]
[SourceQuality "1"]
[WhiteTeam "San Sebastian de los Reyes"]
[BlackTeam "Villalba 64"]
[WhiteTeamCountry "ESP"]
[BlackTeamCountry "ESP"]

1. e4 c5 2. Nf3 d6 3. d4 cxd4 4. Nxd4 Nf6 5. Nc3 a6 6. Be3 e5 7. Nb3 Be7 8. Be2
Be6 9. Nd5 Nxd5 10. exd5 Bf5 11. Qd2 O-O 12. Na5 Qc7 13. O-O b6 14. Nc4 Nd7 15.
a4 Bg6 16. a5 b5 17. Nb6 Nxb6 18. axb6 Qxc2 19. Qxc2 Bxc2 20. Rfc1 Bb3 21. Bxb5
Bxd5 22. Rxa6 f5 23. Ra7 f4 24. Bd2 Rxa7 25. bxa7 Ra8 26. Rc7 Kf7 27. b3 Ke6
28. Bc4 Bxc4 29. bxc4 g5 30. Rb7 Bd8 31. Kf1 e4 32. Bc3 Bf6 33. Bxf6 Kxf6 34.
Rxh7 Ke5 35. Ke2 Kd4 36. Rc7 Kc3 37. h3 Kd4 38. g3 e3 39. fxe3+ fxe3 40. h4
gxh4 41. gxh4 Rf8 42. Rf7 Ra8 43. h5 Kxc4 44. h6 Kd4 45. h7 Ke4 46. Re7+ Kf4
47. Rxe3 1-0

[Event "Madrid-chT 2324"]
[Site "Madrid"]
[Date "2024.02.24"]
[Round "11.5"]
[White "Pinto, Daniel"]
[Black "Fernandez Alvarez, Luis"]
[Result "0-1"]
[WhiteElo "2267"]
[BlackElo "2188"]
[PlyCount "76"]
[EventDate "2023.11.19"]
[EventType "team-tourn"]
[EventRounds "14"]
[EventCountry "ESP"]
[SourceTitle "AjedrezenMadrid"]
[Source "lmi"]
[SourceDate "2023.11.19"]
[SourceVersion "1"]
[SourceVersionDate "2024.03.19"]
[SourceQuality "1"]
[WhiteTeam "Villalba 64"]
[BlackTeam "San Sebastian de los Reyes"]
[WhiteTeamCountry "ESP"]
[BlackTeamCountry "ESP"]

1. e4 e6 2. d4 d5 3. Nd2 Nc6 4. Ngf3 Nf6 5. e5 Nd7 6. Bd3 f6 7. exf6 Qxf6 8.
O-O Bd6 9. Re1 O-O 10. Nf1 e5 11. dxe5 Ndxe5 12. Be2 Bg4 13. Qxd5+ Kh8 14. Bg5
Bxf3 15. Qd2 Qg6 16. gxf3 Nxf3+ 17. Bxf3 Rxf3 18. Ng3 Raf8 19. Kg2 h6 20. Be3
h5 21. Qd3 Qg4 22. Rh1 h4 23. Rae1 Nb4 24. Qb3 a5 25. a3 Nc6 26. Qxb7 Ne5 27.
Qd5 h3+ 28. Kf1 Nc4 29. Ba7 Nxb2 30. Re4 R3f4 31. Rg1 Qf3 32. Be3 Nd1 33. Bd4
Nxf2 34. Bxg7+ Kh7 35. Rxf4 Qxd5 36. Bxf8 Bxf4 37. Ne2 Qf3 38. Rg7+ Kh8 0-1

[Event "Madrid-chT 2324"]
[Site "Madrid"]
[Date "2024.02.24"]
[Round "11.6"]
[White "Hernandez Ramos, David"]
[Black "Pascual Palomo, Lucia"]
[Result "1-0"]
[WhiteElo "2086"]
[BlackElo "2103"]
[PlyCount "67"]
[EventDate "2023.11.19"]
[EventType "team-tourn"]
[EventRounds "14"]
[EventCountry "ESP"]
[SourceTitle "AjedrezenMadrid"]
[Source "lmi"]
[SourceDate "2023.11.19"]
[SourceVersion "1"]
[SourceVersionDate "2024.03.19"]
[SourceQuality "1"]
[WhiteTeam "San Sebastian de los Reyes"]
[BlackTeam "Villalba 64"]
[WhiteTeamCountry "ESP"]
[BlackTeamCountry "ESP"]

1. d4 e6 2. c4 Nf6 3. Nc3 Bb4 4. Qc2 b6 5. e4 Bb7 6. Bd3 Bxc3+ 7. bxc3 d6 8.
Bg5 Nbd7 9. Ne2 c5 10. d5 h6 11. Bd2 Ne5 12. O-O O-O 13. f4 Nxd3 14. Qxd3 Ba6
15. Rf3 Re8 16. Ng3 Qd7 17. a4 exd5 18. exd5 h5 19. h4 Qg4 20. a5 Kf8 21. axb6
axb6 22. Rb1 Rab8 23. Ra1 Bc8 24. f5 Qxh4 25. Bf4 Rd8 26. Qd2 Ng4 27. Ne4 Ne5
28. Rff1 Nxc4 29. Qe2 Bxf5 30. Qxc4 b5 31. Qe2 Qe7 32. Qxh5 Qxe4 33. Rae1 Qxe1
34. Rxe1 1-0

[Event "Madrid-chT 2324"]
[Site "Madrid"]
[Date "2024.02.25"]
[Round "11.1"]
[White "Vazquez Igarza, Renier"]
[Black "Moreno Ruiz, Javier"]
[Result "0-1"]
[WhiteElo "2517"]
[BlackElo "2397"]
[PlyCount "100"]
[EventDate "2023.11.19"]
[EventType "team-tourn"]
[EventRounds "14"]
[EventCountry "ESP"]
[SourceTitle "AjedrezenMadrid"]
[Source "lmi"]
[SourceDate "2023.11.19"]
[SourceVersion "1"]
[SourceVersionDate "2024.03.19"]
[SourceQuality "1"]
[WhiteTeam "Collado Villalba"]
[BlackTeam "Mostoles"]
[WhiteTeamCountry "ESP"]
[BlackTeamCountry "ESP"]

1. d4 Nf6 2. c4 c5 3. d5 b5 4. Qc2 bxc4 5. e4 d6 6. Bxc4 g6 7. Nf3 Bg7 8. O-O
O-O 9. h3 Ba6 10. Na3 Nfd7 11. Rb1 Nb6 12. b3 Nxc4 13. bxc4 Nd7 14. Bd2 e6 15.
Qa4 Qc8 16. Ba5 exd5 17. exd5 Nb6 18. Bxb6 axb6 19. Rxb6 Bxc4 20. Qxc4 Rxa3 21.
Re1 Qd7 22. Rc6 Rfa8 23. Re2 R3a4 24. Qc2 h6 25. Kh2 Rb4 26. Qc1 Rba4 27. Qb1
Rb4 28. Qc1 Qf5 29. Rc7 Qxd5 30. Qe3 Rb7 31. Rxb7 Qxb7 32. Rd2 Qc6 33. h4 d5
34. h5 g5 35. Qd3 d4 36. Rc2 Qd5 37. a3 Rc8 38. Nd2 g4 39. Kg1 Qxh5 40. Nc4 Re8
41. Rc1 Qg6 42. Qxg6 fxg6 43. a4 Re2 44. a5 Ra2 45. Rb1 d3 46. Rb8+ Kh7 47. Rd8
Bd4 48. Rd7+ Kg8 49. Kh2 Ra4 50. Ne3 Rxa5 0-1

[Event "Madrid-chT 2324"]
[Site "Madrid"]
[Date "2024.02.25"]
[Round "11.2"]
[White "Valles Moreno, Ivan"]
[Black "Quispe Arteaga, Gabriel"]
[Result "0-1"]
[WhiteElo "2331"]
[BlackElo "2388"]
[PlyCount "142"]
[EventDate "2023.11.19"]
[EventType "team-tourn"]
[EventRounds "14"]
[EventCountry "ESP"]
[SourceTitle "AjedrezenMadrid"]
[Source "lmi"]
[SourceDate "2023.11.19"]
[SourceVersion "1"]
[SourceVersionDate "2024.03.19"]
[SourceQuality "1"]
[WhiteTeam "Mostoles"]
[BlackTeam "Collado Villalba"]
[WhiteTeamCountry "ESP"]
[BlackTeamCountry "ESP"]

1. d4 Nf6 2. c4 e6 3. Nf3 Bb4+ 4. Nbd2 d5 5. Qa4+ Nc6 6. e3 O-O 7. a3 Bxd2+ 8.
Bxd2 Ne4 9. Rd1 Nd6 10. Qc2 Nxc4 11. Bxc4 dxc4 12. Qxc4 Qd5 13. Rc1 Rd8 14. O-O
Qe4 15. Qc2 Qxc2 16. Rxc2 Bd7 17. Rfc1 Be8 18. Be1 f6 19. Rc5 Rd5 20. h3 Rxc5
21. Rxc5 Rd8 22. Kh2 Rd5 23. Rc1 Bg6 24. Bc3 Rd7 25. b3 Ne7 26. Bb2 c6 27. g4
Nc8 28. a4 Nd6 29. Ba3 Ne4 30. Kg2 h5 31. a5 a6 32. Bb4 Rd5 33. Ne1 hxg4 34.
hxg4 Rb5 35. Rc4 Ng5 36. f3 e5 37. dxe5 fxe5 38. e4 Bf7 39. Nd3 Ne6 40. Rc3 Nd4
41. Bd6 Rxa5 42. Nxe5 Nb5 43. Rd3 Nxd6 44. f4 Rxe5 45. fxe5 Nxe4 46. Rd8+ Kh7
47. b4 Bd5 48. Kf3 Ng5+ 49. Ke3 Ne6 50. Rd7 b5 51. Kf2 Nf8 52. Rd6 Kg8 53. Ke3
Kf7 54. Rd8 Ne6 55. Rd7+ Kg6 56. Kf2 Kg5 57. Kg3 g6 58. Rd6 Nf4 59. Rd8 Nd3 60.
Re8 Nxb4 61. e6 Kf6 62. e7 Kf7 63. Rg8 Kxe7 64. Rxg6 a5 65. Rg7+ Bf7 66. g5 Kf8
67. Rh7 a4 68. Rh8+ Bg8 69. Kg4 a3 70. g6 a2 71. Rh1 Nc2 0-1

[Event "Madrid-chT 2324"]
[Site "Madrid"]
[Date "2024.02.25"]
[Round "11.3"]
[White "Ruiz Buendia, Miguel"]
[Black "Beltran de Heredia Eguiaz, Miguel Angel"]
[Result "1-0"]
[WhiteElo "2344"]
[BlackElo "2219"]
[PlyCount "103"]
[EventDate "2023.11.19"]
[EventType "team-tourn"]
[EventRounds "14"]
[EventCountry "ESP"]
[SourceTitle "AjedrezenMadrid"]
[Source "lmi"]
[SourceDate "2023.11.19"]
[SourceVersion "1"]
[SourceVersionDate "2024.03.19"]
[SourceQuality "1"]
[WhiteTeam "Collado Villalba"]
[BlackTeam "Mostoles"]
[WhiteTeamCountry "ESP"]
[BlackTeamCountry "ESP"]

1. e4 c5 2. Nf3 Nc6 3. Bb5 e5 4. O-O Bd6 5. d4 cxd4 6. c3 Nge7 7. cxd4 exd4 8.
Nxd4 Nxd4 9. Qxd4 Qc7 10. h3 O-O 11. Nc3 a6 12. Bc4 Bh2+ 13. Kh1 Be5 14. Qd3 d6
15. f4 Bf6 16. Be3 Be6 17. Bxe6 fxe6 18. Rac1 Nc6 19. Rfd1 Bxc3 20. Rxc3 Rad8
21. Qc4 Qf7 22. Rcd3 g5 23. Bb6 Rde8 24. Rxd6 gxf4 25. Qc3 Qg6 26. Rd7 Rf7 27.
Rxf7 Qxf7 28. Rf1 e5 29. b3 Qe6 30. Rd1 Re7 31. Rd5 Qg6 32. Qc4 Kg7 33. Rd3 Rf7
34. Bf2 Qh5 35. Rf3 Rd7 36. Rd3 Rf7 37. Rf3 Rd7 38. Kh2 Qf7 39. Qc5 Qe7 40. Qc4
Qf7 41. Qc5 Qe7 42. Qc2 Qb4 43. Bc5 Qd2 44. Qc4 Nd4 45. Rd3 Qf2 46. Bxd4 Rxd4
47. Qc7+ Kf6 48. Qb6+ Kg5 49. Rf3 Qc2 50. h4+ Kg4 51. Qe6+ Kxh4 52. Rh3+ 1-0

[Event "Madrid-chT 2324"]
[Site "Madrid"]
[Date "2024.02.25"]
[Round "11.4"]
[White "Moreno Ibanez, Miguel"]
[Black "Centeno Mendoza, Julio Stefano"]
[Result "1/2-1/2"]
[WhiteElo "2181"]
[BlackElo "2070"]
[PlyCount "91"]
[EventDate "2023.11.19"]
[EventType "team-tourn"]
[EventRounds "14"]
[EventCountry "ESP"]
[SourceTitle "AjedrezenMadrid"]
[Source "lmi"]
[SourceDate "2023.11.19"]
[SourceVersion "1"]
[SourceVersionDate "2024.03.19"]
[SourceQuality "1"]
[WhiteTeam "Mostoles"]
[BlackTeam "Collado Villalba"]
[WhiteTeamCountry "ESP"]
[BlackTeamCountry "ESP"]

1. e4 e5 2. Nf3 Nc6 3. Nc3 Nf6 4. g3 Bc5 5. Bg2 d6 6. O-O O-O 7. d3 a6 8. h3 h6
9. Nh4 Nd4 10. Kh2 Be6 11. Nd5 Nxd5 12. exd5 Bd7 13. c3 Nf5 14. Nxf5 Bxf5 15.
f4 Bd7 16. f5 f6 17. Qg4 g5 18. h4 Rf7 19. Be4 Rh7 20. hxg5 hxg5+ 21. Kg2 Kf7
22. Bd2 Qe7 23. Rh1 Rah8 24. Rxh7+ Rxh7 25. Rh1 Rxh1 26. Kxh1 Kg8 27. Kg2 Qh7
28. Qh3 Bb6 29. Qxh7+ Kxh7 30. Kf3 Ba4 31. b3 Bd7 32. g4 Ba5 33. Ke2 Kg7 34.
Be1 Kf7 35. Bd2 Ke7 36. c4 Bb6 37. Be3 Bxe3 38. Kxe3 c6 39. d4 cxd5 40. Bxd5
Bc6 41. Bxc6 bxc6 42. dxe5 dxe5 43. c5 Kd7 44. a4 a5 45. Ke4 Kc7 46. Kd3
1/2-1/2

[Event "Madrid-chT 2324"]
[Site "Madrid"]
[Date "2024.02.25"]
[Round "11.5"]
[White "Pastor Alonso de Prado, Emilio Alberto"]
[Black "Calvo Gonzalez, Jose Felix"]
[Result "1/2-1/2"]
[WhiteElo "1912"]
[BlackElo "2131"]
[PlyCount "75"]
[EventDate "2023.11.19"]
[EventType "team-tourn"]
[EventRounds "14"]
[EventCountry "ESP"]
[SourceTitle "AjedrezenMadrid"]
[Source "lmi"]
[SourceDate "2023.11.19"]
[SourceVersion "1"]
[SourceVersionDate "2024.03.19"]
[SourceQuality "1"]
[WhiteTeam "Collado Villalba"]
[BlackTeam "Mostoles"]
[WhiteTeamCountry "ESP"]
[BlackTeamCountry "ESP"]

1. b3 d5 2. Nf3 Nf6 3. Bb2 c5 4. e3 Nc6 5. Bb5 Bg4 6. h3 Bh5 7. g4 Bg6 8. Ne5
Qc7 9. f4 e6 10. O-O Bd6 11. d3 O-O 12. Bxc6 bxc6 13. Nd2 Nd7 14. Nxd7 Qxd7 15.
Qf3 f6 16. e4 Rae8 17. Rae1 Bc7 18. Re2 Ba5 19. Qf2 Bb6 20. c4 dxe4 21. dxe4
Rd8 22. f5 Bf7 23. Nf3 exf5 24. exf5 Rfe8 25. Rfe1 Ba5 26. Rxe8+ Rxe8 27. Rxe8+
Qxe8 28. Ba3 Qe4 29. Bxc5 h5 30. Qe3 Qb1+ 31. Kg2 Qxa2+ 32. Kg1 Qb1+ 33. Kg2
Qc2+ 34. Kf1 hxg4 35. hxg4 Bb6 36. Bxb6 axb6 37. Qxb6 Qe4 38. Qb8+ 1/2-1/2

[Event "Madrid-chT 2324"]
[Site "Madrid"]
[Date "2024.02.25"]
[Round "11.6"]
[White "Medina Riesgo, Pedro"]
[Black "Cao Armillas, Jesus"]
[Result "1-0"]
[WhiteElo "2160"]
[BlackElo "2017"]
[PlyCount "103"]
[EventDate "2023.11.19"]
[EventType "team-tourn"]
[EventRounds "14"]
[EventCountry "ESP"]
[SourceTitle "AjedrezenMadrid"]
[Source "lmi"]
[SourceDate "2023.11.19"]
[SourceVersion "1"]
[SourceVersionDate "2024.03.19"]
[SourceQuality "1"]
[WhiteTeam "Mostoles"]
[BlackTeam "Collado Villalba"]
[WhiteTeamCountry "ESP"]
[BlackTeamCountry "ESP"]

1. e4 c5 2. Nc3 d6 3. f4 Nc6 4. Nf3 g6 5. Bc4 Bg7 6. O-O e6 7. d3 Bd7 8. Qe1
Na5 9. f5 Nxc4 10. dxc4 Qe7 11. Bg5 f6 12. Bf4 Nh6 13. Rd1 Nf7 14. fxe6 Bxe6
15. b3 O-O 16. Qg3 Rfd8 17. Nb5 Ne5 18. Nxe5 dxe5 19. Be3 b6 20. Nc3 Rxd1 21.
Rxd1 Rf8 22. Qh4 Rf7 23. a4 g5 24. Qh5 Rf8 25. Nd5 Qf7 26. Qxf7+ Kxf7 27. a5
Rd8 28. axb6 axb6 29. Ra1 Bxd5 30. cxd5 Bf8 31. Ra7+ Kg6 32. g4 Rb8 33. Kf2 h5
34. h3 hxg4 35. hxg4 Bd6 36. Rd7 Bf8 37. Ke2 Ra8 38. Rb7 Ra2 39. Kd3 Ra1 40.
Rxb6 Rd1+ 41. Ke2 Rh1 42. d6 Rh2+ 43. Kd3 Rh7 44. Bxc5 Rh3+ 45. Kc4 Bxd6 46.
Bxd6 Kf7 47. Kd5 Rg3 48. Rb7+ Kg6 49. b4 Rxg4 50. b5 Rg2 51. Rc7 Rd2+ 52. Ke6
1-0

[Event "Madrid-chT 2324"]
[Site "Madrid"]
[Date "2024.02.25"]
[Round "11.1"]
[White "Albornoz Cabrera, Carlos Daniel"]
[Black "Martinez Reyes, Pedro Ramon"]
[Result "1-0"]
[WhiteElo "2603"]
[BlackElo "2343"]
[PlyCount "71"]
[EventDate "2023.11.19"]
[EventType "team-tourn"]
[EventRounds "14"]
[EventCountry "ESP"]
[SourceTitle "AjedrezenMadrid"]
[Source "lmi"]
[SourceDate "2023.11.19"]
[SourceVersion "1"]
[SourceVersionDate "2024.03.19"]
[SourceQuality "1"]
[WhiteTeam "Tajamar"]
[BlackTeam "Blanco y Negro"]
[WhiteTeamCountry "ESP"]
[BlackTeamCountry "ESP"]

1. e4 d5 2. exd5 Qxd5 3. Nc3 Qd6 4. d4 Nf6 5. Nf3 c6 6. Ne5 Nbd7 7. Nc4 Qc7 8.
Qf3 Nb6 9. Bf4 Qd7 10. O-O-O Qg4 11. Qxg4 Bxg4 12. f3 Be6 13. Nxb6 axb6 14. a4
O-O-O 15. Be5 g6 16. b3 Bh6+ 17. Kb2 Rhe8 18. Bc4 Bxc4 19. bxc4 Nd7 20. Bg3 e5
21. Ne4 Bf8 22. Ng5 Re7 23. dxe5 Bg7 24. f4 f6 25. Nxh7 fxe5 26. Bh4 exf4+ 27.
Kc1 Rde8 28. Bxe7 Rxe7 29. Rhe1 Bb2+ 30. Kxb2 Rxh7 31. h3 Nc5 32. Re8+ Kc7 33.
Rde1 f3 34. R1e7+ Rxe7 35. Rxe7+ Kd6 36. Rf7 1-0